Kluby Roberta Lewandowskiego - Statystyki

Ogólne statystyki
  • Ten quiz został rozwiązany 615 razy
    181 od ostatniego zresetowania
  • Średni wynik to 6 z 7
Statystyki odpowiedzi
Lat Klub % Poprawnych
2014- 2022 Bayern Monachium
99%
2022- FC Barcelona
99%
2008-2010 Lech Poznań
98%
2010-2014 Borussia Dortmund
97%
2005-2006 Legia Warszawa II
78%
2006-2008 Znicz Pruszków
77%
1997-2005 Varsovia Warszawa
22%
Nie znaleziono quizów pasujących do podanych kryteriów
Rozkład punktacji
Procent ludzi z każdym wynikiem
Percentyl według liczby udzielonych odpowiedzi
Twoja historia wyników
Nie rozwiązałeś tego quizu od ostatniego zresetowania